| 000 | 01355nam2a22002651 4500 | ||
|---|---|---|---|
| 001 | v19\rc\1978419 | ||
| 005 | 20251118181149.2 | ||
| 035 | _a(NLR Aleph) 005061883 | ||
| 090 |
_a7004797 _c7004797 |
||
| 100 | _a20080623d1914 u y0rusy50 ca | ||
| 101 | 0 | _arus | |
| 102 | _aRU | ||
| 105 | _ay z ||||| | ||
| 200 | 0 | _a... 1915 года | |
| 210 | _d[1914] | ||
| 215 | _a[2], 22 с. | ||
| 300 | _aВ штампе: 19 марта 1914 г. | ||
| 461 | 0 |
_1001v19\rc\1978418 _12001#$aСведения, необходимые Департаменту гражданской отчетности для соображений при рассмотрении смет...$fГос. контроль. Деп. гражд. отчетности$v... 1915 года _97004791 _aРоссия. Департамент гражданской отчетности _cСанкт-Петербург _d[1914]-[1915] _fГос. контроль. Деп. гражд. отчетности _tСведения, необходимые Департаменту гражданской отчетности для соображений при рассмотрении смет... _v... 1915 года |
|
| 801 | 0 |
_aRU _bNLR _gpsbo |
|
| 801 | 0 |
_aRU _bRuMoRGB _2psbo |
|
| 801 | 1 |
_aRU _bProSoft-M _2rusmarc |
|
| 852 |
_aNLR _j37.54.4.398(1) |
||
| 899 |
_aRuMoRGB _jW 487/633 |
||
| 942 | _cBOOK | ||
| 980 | _aNB | ||